| 000 -ლიდერი |
| ფიქსირებული სიგრძის საკონტროლო ველი |
01154nam a22002057a 4500 |
| 003 - საკონტროლო ნომრის იდენტიფიკატორი |
| საკონტროლო ველი |
Ge_BSU |
| 005 - ბოლო ოპერაციის თარიღი და დრო |
| საკონტროლო ველი |
20200128151416.0 |
| 008 - ფიქსირებული სიგრძის მონაცემთა ელემენტები - ზოგადი ინფორმაცია |
| ფიქსირებული სიგრძის საკონტროლო ველი |
200128s2006 ge ||||| |||| 00| 0 geo d |
| 041 ## - ენის კოდი |
| Language code of text/sound track or separate title |
geo |
| 080 ## - უნივერსალური ათობითი კლასიფიკაციის ინდექსი |
| Universal Decimal Classification number |
341.231.14(4) ა-26 |
| 245 ## - ცნობა სათაურის შესახებ |
| Title |
ადამიანის უფლებათა ევროპული სასამართლოს განაჩენთა კრებული : |
| Remainder of title |
წ. 4 / |
| Statement of responsibility, etc |
თარგმ : ბესარიონ ბოხაშვილი ; ლაშა ჭელიძე ; რედ. ანუკი გეგეჭკორი. |
| 264 ## - წარმოების, გამოცემის, დისტრიბუციის და სხვა ცნობები |
| გამოცემის, წარმოების, დისტრიბუციის... ადგილი |
თბილისი : |
| გამოცემის, წარმოების, დისტრიბუციის... სახელწოდება |
ევროპის საბჭო, |
| გამოცემის, წარმოების, დისტრიბუციის... თარიღი |
2006. |
| 300 ## - ფიზიკური აღწერა |
| Extent |
364 გვ.; |
| Dimensions |
23 სმ. |
| 653 ## - INDEX TERM--UNCONTROLLED |
| Uncontrolled term |
ადამიანის უფლებათა დაცვა |
| 653 ## - INDEX TERM--UNCONTROLLED |
| Uncontrolled term |
სამართალი |
| 700 ## - ADDED ENTRY--PERSONAL NAME |
| Personal name |
ბოხაშვილი, ბესარიონ |
| Relator term |
მთარგმნელი |
| 9 (RLIN) |
6433 |
| 700 ## - ADDED ENTRY--PERSONAL NAME |
| Personal name |
ჭელიძე, , ლაშა |
| Relator term |
მთარგმნელი |
| 9 (RLIN) |
1297 |
| 700 ## - ADDED ENTRY--PERSONAL NAME |
| Personal name |
გეგეჭკორი, ანუკი |
| Relator term |
რედაქტორი |
| 9 (RLIN) |
6434 |
| 942 ## - ADDED ENTRY ELEMENTS (KOHA) |
| Source of classification or shelving scheme |
|
| Koha item type |
წიგნი |